| 000 | 00519nam a22002297a 4500 | ||
|---|---|---|---|
| 005 | 20240624143046.0 | ||
| 008 | 180521b xxu||||| |||| 00| 0 spa d | ||
| 020 | _a9788498203622 | ||
| 041 | _aESP | ||
| 082 | _a759.4 G268g | ||
| 245 | _aGrandes maestros de la pintura: Gauguin | ||
| 260 | _aEspaña | ||
| 260 | _bSol | ||
| 260 | _c2006 | ||
| 300 | _a96 páginas | ||
| 650 | _aPAUL GAUGUIN | ||
| 650 | _aPINTURA FRANCESA | ||
| 650 | _aARTE | ||
| 650 | _aHISTORIA | ||
| 942 |
_cBK _2ddc |
||
| 999 |
_c10651 _d10651 |
||